书目信息 |
| 题名: |
南北极马拉松的二十四个昼夜
|
|
| 作者: | 陈燮中 著 | |
| 分册: | ||
| 出版信息: | 北京 新华出版社 2020.03 |
|
| 页数: | 276页 | |
| 开本: | 24cm | |
| 丛书名: | ||
| 单 册: | ||
| 中图分类: | G822.8 | |
| 科图分类: | ||
| 主题词: | 马拉松跑--ma la song pao--通俗读物 | |
| 电子资源: | ||
| ISBN: | 978-7-5166-5045-5 | |
| 000 | 01325nam0 2200277 450 | |
| 001 | 0109110022 | |
| 005 | 20201109110331.0 | |
| 010 | @a978-7-5166-5045-5@b精装@dCNY78.00 | |
| 100 | @a20200911d2020 em y0chiy50 ea | |
| 101 | 0 | @achi |
| 102 | @aCN@b110000 | |
| 105 | @aa z 000yy | |
| 106 | @ar | |
| 200 | 1 | @a南北极马拉松的二十四个昼夜@Anan bei ji ma la song de er shi si ge zhou ye@d24 nights and days in the 2018 Antarctica marathon and the Polar Circle marathon@f陈燮中著@zeng |
| 210 | @a北京@c新华出版社@d2020.03 | |
| 215 | @a276页@c彩照@d24cm | |
| 312 | @a封面其他题名信息:世界马拉松大满贯六星跑者 | |
| 312 | @a封面英文题名:24 nights and days in the 2018 Antarctica marathon & Polar Circle marathon | |
| 330 | @a本书分为两篇。第一篇神秘的南极、梦想的地方。分八章,依次介绍了南极鲜为人知的风光和南极马拉松赛事的情况。第二篇北极冰盖百万年、冰海雪山见奇闻。以七章的篇幅,介绍了北极独特的人文景观和风貌,记述了北极马拉松赛事的情况。 | |
| 510 | 1 | @a24 nights and days in the 2018 Antarctica marathon and the Polar Circle marathon@zeng |
| 517 | 1 | @a世界马拉松大满贯六星跑者@Ashi jie ma la song da man guan liu xing pao zhe |
| 606 | 0 | @a马拉松跑@Ama la song pao@j通俗读物 |
| 690 | @aG822.8@v5 | |
| 701 | 0 | @a陈燮中@Achen xie zhong@4著 |
| 801 | 0 | @aCN@bBJSZM@c20201103 |
| 905 | @b1263876-80@dG822.8@e180@f5 | |
| 南北极马拉松的二十四个昼夜=24 nights and days in the 2018 Antarctica marathon and the Polar Circle marathon/陈燮中著.-北京:新华出版社,2020.03 |
| 276页:彩照;24cm |
| ISBN 978-7-5166-5045-5(精装):CNY78.00 |
| 本书分为两篇。第一篇神秘的南极、梦想的地方。分八章,依次介绍了南极鲜为人知的风光和南极马拉松赛事的情况。第二篇北极冰盖百万年、冰海雪山见奇闻。以七章的篇幅,介绍了北极独特的人文景观和风貌,记述了北极马拉松赛事的情况。 |
| ● |
| 相关链接 |
|
|
|
|
正题名:南北极马拉松的二十四个昼夜
索取号:G822.8/180
 
预约/预借
| 序号 | 登录号 | 条形码 | 馆藏地/架位号 | 状态 | 备注 |
| 1 | 1263876 | 212638760 | 第一样本阅览室/ [索取号:G822.8/180] | 在馆 | |
| 2 | 1263877 | 212638779 | 教育系资料室/ [索取号:G822.8/180] | 在馆 | |
| 3 | 1263878 | 212638788 | 教育系资料室/ [索取号:G822.8/180] | 在馆 | |
| 4 | 1263879 | 212638797 | 第四借阅区/ [索取号:G822.8/180] | 在馆 | |
| 5 | 1263880 | 212638804 | 第四借阅区/ [索取号:G822.8/180] | 在馆 |